| 000 | 01177cam a2200301 a 4500 | ||
|---|---|---|---|
| 001 | 12510196 | ||
| 003 | OSt | ||
| 005 | 20150408114221.0 | ||
| 008 | 010822s2003 maua b 001 0 eng | ||
| 010 | _a 2001044743 | ||
| 020 | _a0072448482 (acidfree paper) | ||
| 040 |
_aDLC _cDLC _dDLC |
||
| 050 | 0 | 0 |
_aQC21.3 _b.B45 2003 |
| 082 | 0 | 0 |
_a539 _221 _bBAC |
| 100 | 1 |
_aBeiser, Arthur. _936595 |
|
| 245 | 1 | 0 |
_aConcepts of modern physics / _cArthur Beiser. |
| 250 | _a6th ed. | ||
| 260 |
_aBoston : _bMcGraw-Hill, _cc2003. |
||
| 300 |
_a542 p. : _bill. (some col.) ; _c27 cm. |
||
| 504 | _aIncludes bibliographical references (p. 525-527) and index. | ||
| 650 | 0 | _aPhysics. | |
| 856 | 4 | 2 |
_3Publisher description _uhttp://www.loc.gov/catdir/description/mh021/2001044743.html |
| 856 | 4 | 1 |
_3Table of contents _uhttp://www.loc.gov/catdir/toc/mh021/2001044743.html |
| 856 | 4 | 2 |
_3Contributor biographical information _uhttp://www.loc.gov/catdir/enhancements/fy0737/2001044743-b.html |
| 906 |
_a7 _bcbc _corignew _d1 _eocip _f20 _gy-gencatlg |
||
| 942 |
_2ddc _cBOOK |
||
| 999 |
_c35447 _d269947 |
||